000 00496nam a2200193 a 4500
001 12285
003 CO-ViMGA
008 141112s2004 ck r 000 u spa d
020 _a9701014707
040 _aCO-ViMGA
_bspa
_cCO-ViMGA
082 0 4 _a658.42 K67l
100 1 _aKotter, John
_917509
245 1 0 _aEl Lider del Cambio
260 _aMexico,
_cHarvard Business School Press,
_c1996
300 _a207 p.
650 1 4 _aCAMBIO ORGANIZACIONAL
_917510
650 1 4 _aLIDERAZGO
942 _2ddc
_cBK
999 _c23296
_d23296